00744nam a2200217 a 4500008004100000020001500041050001800056100002100074245005700095246008000152260003400232300002200266350000900288500001800297650004000315650001300355650005700368650003500425650004000460700002600500120416s2001 ||||||||||||||||| || u a1589480112 aHD 108.15 Pla aBrail, Richard K10aPlanning support systemscedited by Richard K. Brail aintegrating geographic information systems, models, and visualisation tools aCaliforniabESRI Pressc2001. axxi, 443p. : ill. a0.00 aBibliography. aRegional planning - Data processing aPLANNING aInformation storage and retrieval systems - Land use aGEOGRAPHIC INFORMATION SYSTEMS aLand use--Planning--Data processing aKlosterman, Richard E